000 01017cam a22002654a 4500
999 _c23463
_d23463
001 12803195
003 OSt
005 20200323094703.0
008 020605s2002 mdub b 000 0deng
020 _a9788170945413
040 _coclc
082 0 0 _a297.03
_221
_bADA/A
100 _aAdamec, Ludwig W
_92143
245 1 4 _aThe A to Z of Islam /
_cLudwig W. Adamec
250 _aRevised and updated ed.
260 _aLanham, MD :
_bScarecrow Press,
_c2002.
300 _axxix, 298 p. :
_bmap ;
_c22 cm.
440 0 _aHistorical dictionaries of religions, philosophies, and movements
504 _aIncludes bibliographical references (p. 285-298).
650 0 _aIslam
_xHistory
_vDictionaries.
650 0 _aMuslims
_xHistory
_vDictionaries.
906 _a7
_bcbc
_corignew
_d1
_eocip
_f20
_gy-gencatlg
942 _2ddc
_cBK
_h297.03
_iADA/A
_k297.03
_mADA/A